Γιαννούλης Χαλεπάς

Αποθηκεύτηκε σε:
Λεπτομέρειες βιβλιογραφικής εγγραφής
Κύριος συγγραφέας: Μπόλης, Γιάννης, 1966-
Μορφή: Βιβλίο
Γλώσσα:Greek
Δημοσίευση: [Αθήνα] : Τα Νέα, [2009]
Σειρά:Σύγχρονοι Έλληνες εικαστικοί ; 1
Θέματα:
Ετικέτες: Προσθήκη ετικέτας
Δεν υπάρχουν, Καταχωρήστε ετικέτα πρώτοι!

MARC

LEADER 00000cam a2200000 i 4500
001 1/101411
008 090218s2008 gr | ||| |||| ||gre||
020 |a 9789604693450 
035 |l 10103253 
040 |a GR-MyUa  |b gre  |e AACR2 
041 0 |a gre 
082 7 |a 700.92   |2 (22) 
100 1 |a Μπόλης, Γιάννης,   |d 1966- 
245 1 0 |a Γιαννούλης Χαλεπάς /   |c Γιάννης Μπόλης.  
260 |a [Αθήνα] :   |b Τα Νέα,   |c [2009] 
300 |a 145 σ. :   |b εικ. ;   |c 25 εκ. 
490 1 |a (Σύγχρονοι Έλληνες εικαστικοί ;   |v 1) 
504 |a Βιβλιογραφία: σ. 145.  
600 1 0 |a Χαλεπάς, Γιαννούλης,   |d 1851-1938. 
650 0 |a Sculptors  |z Greece  |x Biography. 
830 0 |a Σύγχρονοι Έλληνες εικαστικοί ;  |v 1 
852 |a INST  |b SYROS  |c KYK  |e 20090218  |h 700.92 ΧΑΛ  |p 005500008674  |q 005500008674  |t BK  |y 0 
901 |a BIBL5-2009-1 
922 |a 5ΕΛΗ  |b 200901  |c Βιβλιοθήκη Σύρου  |d Πρίντεζη Άννα 
970 |a Κοντού  |b Παρασκευή  |z 18/02/2009